000 00396nam a2200157Ia 4500
008 100122s9999 xx 000 0 und d
082 _b36669
_a821
100 _aयशवंत
245 _aयशोधन
250 _a5
260 _bचित्रशाळा प्रकाशन
_c1905
300 _a160
630 _aयशोधन
730 _aयशोधन
942 _cBOOK
999 _c419312
_d419309